| Tag |
First Indicator |
Second Indicator |
Subfields |
| LEADER |
00000cam a22000001 4500 |
| 001 |
in00000026373 |
| 005 |
20151007061242.0 |
| 008 |
730213s1953 nyu 00001 eng |
| 010 |
|
|
|a 53005383
|
| 035 |
|
|
|a (OCoLC)00480180
|
| 035 |
|
|
|9 AAD1569AM
|
| 040 |
|
|
|a DLC
|c DLC
|d TXA
|d UtOrBLW
|
| 049 |
|
|
|a TXAM
|c [217853]
|
| 050 |
0 |
0 |
|a PZ3.W9352
|b Ou
|
| 090 |
|
|
|a PS3545.R815
|b O87 1953
|
| 092 |
|
|
|a 813
|b W952o
|
| 100 |
1 |
|
|a Wright, Richard,
|d 1908-1960.
|
| 245 |
1 |
4 |
|a The outsider /
|c by Richard Wright.
|
| 250 |
|
|
|a 1st ed.
|
| 264 |
|
1 |
|a New York :
|b Harper,
|c [1953]
|
| 264 |
|
4 |
|c ©1953
|
| 300 |
|
|
|a 405 pages ;
|c 22 cm.
|
| 336 |
|
|
|a text
|b txt
|2 rdacontent
|
| 337 |
|
|
|a unmediated
|b n
|2 rdamedia
|
| 338 |
|
|
|a volume
|b nc
|2 rdacarrier
|
| 999 |
|
|
|a MARS
|
| 999 |
f |
f |
|s e63920e1-5126-3726-a608-8ecceae91054
|i 2c8cd7b8-f29a-3141-999d-dcd60964bc0d
|t 0
|
| 952 |
f |
f |
|p normal
|a Texas A&M University
|b College Station
|c Sterling C. Evans Library
|s Evans stk
|d Evans: Library Stacks
|t 0
|e PS3545.R815 O87 1953
|h Library of Congress classification
|i unmediated -- volume
|m A14801255817
|
| 998 |
f |
f |
|a PS3545.R815 O87 1953
|t 0
|l Evans: Library Stacks
|